[Event "11th Tal Memorial Blitz 2018"]
[Site "Moscow"]
[Date "2018.03.05"]
[Round "1"]
[White "Karjakin, Sergey"]
[Black "Grischuk, Alexander"]
[Result "1-0"]
[WhiteElo "2868"]
[BlackElo "2846"]
[Annotator "TA"]
[PlyCount "133"]
[EventDate "2018.??.??"]
[EventType "blitz"]
[EventCountry "RUS"]
[SourceTitle "playchess.com"]
[Source "ChessBase"]
[SourceQuality "1"]

{[%evp 19,133,-8,-3,-27,0,0,0,0,8,4,0,0,0,0,65,52,59,45,91,79,66,58,116,125,130,130,130,104,116,91,82,95,173,181,143,97,112,109,104,104,117,110,145,143,178,103,85,85,89,93,95,69,131,48,57,45,42,41,42,0,68,16,25,26,25,22,12,12,51,7,55,43,44,44,59,59,46,53,52,51,43,46,66,69,66,64,141,144,131,145,501,512,653,648,626,616,831,822,815,818,803,805,789,752,768,753,736,733,720,694,659,659,12841,12840,12845,12846]} 1. b3 d5 2. Bb2 Bf5 3. Nf3 e6 4. g3 h6 5. Bg2 Nf6 6. O-O Be7 7. c4 O-O 8. d3 Bh7 9. Nbd2 a5 10. a3 c6 {LiveBook: 144 Games} 11. Qb1 {A12: English Opening: 1...c6 with b3 by White} (11. Qc2 Na6 12. Rab1 Rc8 13. Rfc1 Nd7 14. Qd1 b5 15. Nd4 Qb6 16. cxb5 cxb5 17. Rxc8 Rxc8 18. Rc1 Bc5 19. Qf1 {0-1 (44) Rapport,R (2698)-Grischuk,A (2750) chess.com INT 2017}) 11... Na6 12. Bc3 c5 13. cxd5 {The position is equal.} exd5 14. e4 b5 $146 ({Predecessor:} 14... Re8 15. Re1 Nc7 16. Ra2 Bf8 17. Qa1 Ra6 18. e5 d4 {1-0 (47) Rzayev,B (2370)-Das,A (2466) Seville 2013}) 15. Re1 Qb6 16. a4 Nc7 (16... Nb4 $11) 17. axb5 $14 Qxb5 18. Ra4 Ne6 19. Qa1 Bd8 20. Ne5 dxe4 (20... d4 $1 $14 21. Bb2 g5) 21. dxe4 $16 (21. Nxe4 Ra6 $14) 21... Nd4 22. Bxd4 cxd4 23. Nec4 (23. Qxd4 $6 Bb6 $11) 23... Rb8 24. Qxd4 Bc7 25. e5 Rfd8 {[#]} (25... Nd7 $16) 26. Qa7 $1 $18 {[%cal Ra7c7]} Ne8 27. Qe3 Bf5 28. Bf1 Qd5 29. Nf3 Bd7 30. Ra2 Bc6 31. Bg2 Qd3 32. Qxd3 ({Much less strong is} 32. Nxa5 Qxe3 33. fxe3 (33. Rxe3 Rd1+ 34. Ne1 Bd7 $16) 33... Bxa5 $16) (32. Nd4 $1 $18 Qxd4 33. Bxc6) 32... Rxd3 $16 33. Nfd2 Bd7 34. Be4 Rc3 35. Kg2 Rb5 (35... Kf8 $14) 36. f4 ({White should try} 36. Bc2 $16) 36... Kf8 37. Re3 Rxe3 38. Nxe3 f6 39. Nd5 Bd8 (39... fxe5 $11 40. fxe5 (40. Nxc7 Nxc7 41. Bd3 Rd5 $11) 40... Bc6 41. Nxc7 Bxe4+ 42. Nxe4 Nxc7) 40. Nf3 (40. Nc3 $14 Rb8 41. Na4) 40... f5 $11 41. Nd4 $1 {[%csl LRb5,LRf5]} fxe4 42. Nxb5 Bxb5 43. Rc2 Bd7 44. Rc5 Kf7 45. Kf2 g5 46. Ke3 gxf4+ 47. gxf4 Ng7 48. Kxe4 Bf5+ 49. Ke3 Be6 50. Kf3 Nf5 51. Ke4 Nh4 52. Rb5 {And now Rb8 would win.} Bf5+ ({Black should play} 52... Bg4 $1 $14) 53. Kd4 $16 {Rb8 is the strong threat.} Nf3+ 54. Kc5 Nxh2 $2 {[%mdl 8192]} (54... Ke6 $16 55. Rb8 Kd7) 55. Kd6 $18 {White is clearly winning.} Nf3 {[#] and the idea ...Nd4 leaves Black hopeful.} 56. e6+ $1 {[%mdl 512]} Bxe6 57. Rb7+ Kg6 58. Kxe6 {[%mdl 4096] Endgame KRN-KBN} Nd4+ 59. Ke5 Nf3+ 60. Ke4 Nd2+ 61. Ke3 Nf1+ 62. Ke2 Ng3+ 63. Kf3 Nf5 64. Rb8 Bh4 65. Rb6+ Kf7 66. Kg4 Bf2 67. Kxf5 {Precision: White = 70%, Black = 46%.} 1-0

[Event "11th Tal Memorial Blitz 2018"]
[Site "Moscow"]
[Date "2018.03.05"]
[Round "1"]
[White "Anand, Viswanathan"]
[Black "Artemiev, Vladislav"]
[Result "1-0"]
[WhiteElo "2801"]
[BlackElo "2697"]
[Annotator "TA"]
[PlyCount "111"]
[EventDate "2018.??.??"]
[EventType "blitz"]
[EventCountry "RUS"]
[SourceTitle "playchess.com"]
[Source "ChessBase"]
[SourceQuality "1"]

{[%evp 17,111,27,19,8,52,-19,-16,-23,-29,-12,0,0,0,-17,-10,-113,91,91,82,97,82,81,164,20,110,110,106,78,89,66,104,64,54,28,78,88,148,142,153,148,156,116,394,394,377,378,427,418,398,400,499,488,1023,794,788,789,788,788,770,770,762,762,710,654,937,887,29986,29982,29982,29983,29983,29982,29984,29985,29985,29979,29967,29969,29965,29961,4890,4631,29985,29982,29982,29983,29983,29984,29982,29983,29983,29984,29987,29988,29988,29982]} 1. e4 c6 2. d4 d5 3. e5 Bf5 4. Nf3 e6 5. Be2 Nd7 6. O-O Bg6 7. Nbd2 {B12: Caro-Kann: Advance Variation} Nh6 8. Nb3 Nf5 9. c3 Rc8 {LiveBook: 3 Games} 10. g4 Ne7 11. Be3 $146 (11. Nh4 $14) ({Predecessor:} 11. Nh4 c5 12. Nxg6 hxg6 13. f4 Nc6 14. Be3 cxd4 15. cxd4 Nb6 16. Nd2 Bb4 17. Nf3 Nc4 18. Bc1 {½-½ (18) Kurnosov,I (2674)-Iordachescu,V (2621) Rijeka 2010}) 11... h5 $11 12. h3 hxg4 13. hxg4 Be4 14. Nbd2 c5 15. Kg2 cxd4 16. cxd4 {[#]} (16. Nxe4 $11 dxe4 17. Nxd4) 16... Qb6 $2 (16... Nf5 $1 $17 {[%mdl 512] keeps the pressure on. ( -> ...Qh4)} 17. Nxe4 (17. gxf5 Qh4) 17... Nxe3+ 18. fxe3 dxe4) 17. Nxe4 $16 dxe4 18. Ng5 {Black must now prevent d5.} Nd5 19. Rc1 Rd8 (19... Rc6 $16 {was called for.}) 20. Qb3 ({White should try} 20. Rh1 $18 Rxh1 21. Kxh1) 20... Qxb3 (20... Qxd4 $1 $11 {keeps the balance.} 21. Rh1 (21. Bxd4 Nf4+ 22. Kg3 Nxe2+ 23. Kg2 Nf4+ 24. Kg3 Ne2+ 25. Kg2 Nf4+ 26. Kg3 Ne2+ $11) 21... Rxh1 22. Bxd4 Rxc1 23. Nxe4 Nf4+ 24. Kf3 Nxe2 25. Kxe2 a6) 21. axb3 Bb4 22. Nxe4 f6 23. exf6 gxf6 24. Bf3 Rg8 25. Ng3 {Strongly threatening Bxd5.} Nxe3+ 26. fxe3 Bd2 ({Better is} 26... f5) 27. Rcd1 $36 {[%mdl 2048] White is really pushing.} Bxe3 28. Rfe1 Bf4 29. Rxe6+ Kf8 $2 {[%mdl 8192]} (29... Kf7 $16 {was worth a try.} 30. Ree1 Nf8) 30. Nf5 $18 Rh8 31. Bxb7 Rh2+ 32. Kf3 Bg5 33. Rd6 Rxb2 34. Bd5 {White threatens Rh1 and mate.} Rc8 (34... Rh2 $142 35. Ra1 Rh3+ 36. Kg2 Bf4 37. Kxh3 Bxd6 38. Rxa7 Bb4) 35. Be6 Rc3+ 36. Ke4 Re2+ 37. Kd5 Nb6+ {[#]} 38. Rxb6 $1 {[%mdl 512]} axb6 39. Rh1 {[%cal Rh1h8]} Rxe6 40. Kxe6 {[%cal Rh1h8][%mdl 4096] Endgame KRB-KRN} Kg8 41. d5 {[%cal Bd4d5,Bd5d6,Bd6d7][%mdl 32]} Rxb3 42. d6 Rb2 43. Re1 Rd2 44. Re4 Kf8 45. d7 b5 46. Nd4 f5 47. gxf5 Bd8 48. Nxb5 Rb2 49. Nd6 Bc7 50. Rc4 {White mates.} Re2+ 51. Ne4 Bd8 52. f6 Re1 53. Rc8 {[%cal Rc8d8]} Rxe4+ 54. Kd5 Re1 55. Rxd8+ Kf7 56. Re8 {Precision: White = 54%, Black = 37%.} 1-0

[Event "11th Tal Memorial Blitz 2018"]
[Site "Moscow"]
[Date "2018.03.05"]
[Round "1"]
[White "Svidler, Peter"]
[Black "Kramnik, Vladimir"]
[Result "1/2-1/2"]
[WhiteElo "2793"]
[BlackElo "2784"]
[Annotator "TA"]
[PlyCount "51"]
[EventDate "2018.??.??"]
[EventType "blitz"]
[EventCountry "RUS"]

{[%evp 19,51,0,0,0,0,0,0,0,0,0,0,0,10,0,0,0,22,17,41,33,35,14,20,15,25,14,28,22,28,4,8,-4,0,0]} 1. Nf3 d5 2. g3 Nf6 3. Bg2 e6 4. O-O Be7 5. c4 O-O 6. Qc2 d4 {A14: English Opening: 1...e6 with b3 by White} (6... c5 7. d4 Na6 8. dxc5 Nxc5 9. Rd1 Bd7 10. Ne5 Rc8 11. Nc3 dxc4 12. Nxc4 Qe8 13. Bf4 b5 14. Nd6 Bxd6 15. Bxd6 {1-0 (54) Svidler,P (2765)-Bacrot,E (2725) Riadh 2017}) 7. d3 Nc6 8. a3 a5 9. e3 e5 10. exd4 exd4 {LiveBook: 5 Games} 11. Re1 Re8 12. Bg5 h6 13. Bxf6 Bxf6 14. Rxe8+ Qxe8 15. Nbd2 $146 Bf5 16. Re1 Qd7 17. Ne4 Bxe4 18. Rxe4 Re8 19. Bh3 Qd8 {Black wants to play ...Rxe4.} 20. Qe2 Rxe4 21. Qxe4 g6 22. Kf1 Kg7 23. Nd2 h5 24. Bg2 Ne5 25. h3 c6 26. Nf3 {Precision: White = 74%, Black = 59%.} 1/2-1/2

[Event "11th Tal Memorial Blitz 2018"]
[Site "Moscow"]
[Date "2018.03.05"]
[Round "1"]
[White "Nepomniachtchi, Ian"]
[Black "Andreikin, Dmitry"]
[Result "0-1"]
[WhiteElo "2768"]
[BlackElo "2712"]
[Annotator "TA"]
[PlyCount "116"]
[EventDate "2018.??.??"]
[EventType "blitz"]
[EventCountry "RUS"]
[SourceTitle "playchess.com"]
[Source "ChessBase"]
[SourceQuality "1"]

{[%evp 20,116,39,31,31,25,39,20,58,-31,-23,-60,0,-32,0,0,0,0,0,0,0,0,0,-20,-23,-14,-6,-16,-22,-28,0,0,0,0,0,0,0,0,0,0,0,0,0,0,0,0,0,0,0,0,0,-17,-7,-32,0,0,0,0,0,0,0,-103,-66,-93,-85,-680,-675,-678,-672,-671,-665,-643,-639,-948,-932,-918,-925,-918,-914,-875,-859,-1103,-1095,-1059,-1056,-996,-987,-1189,-1087,-1284,-1263,-1468,-1444,-1718,-1706,-1723,-1706,-1511,-1475]} 1. e4 c5 2. Nf3 e6 3. d4 cxd4 4. Nxd4 Nc6 5. Nc3 a6 6. Nxc6 bxc6 7. e5 Qc7 8. Bf4 {B46: Sicilian: Taimanov: 5 Nc3 a6} Ne7 (8... f5 9. g4 Ne7 10. gxf5 Nxf5 11. Bd3 Rb8 12. Rg1 g6 13. Bxf5 exf5 14. b3 Bb4 15. Qd2 Qa5 {1-0 (45) Nepomniachtchi,I (2729)-Movsesian,S (2647) Riadh 2017}) 9. Bd3 Ng6 10. Bxg6 hxg6 11. O-O {LiveBook: 3 Games} f5 12. Re1 c5 $146 ({Predecessor:} 12... Rb8 13. b3 Be7 14. Qd2 Bb7 15. Bg5 c5 16. Bxe7 Kxe7 {½-½ (31) Golding,A (1963)-Arkell,K (2502) Coventry 2015}) 13. Qd3 Bb7 14. Rad1 ({Better is} 14. Bg5 $14) 14... Rh4 $15 15. Bg3 Qc6 ({Black should try} 15... Rb4 $15) 16. f3 (16. Qxd7+ $5 Qxd7 17. Rxd7 $11) 16... Rd4 17. Qe3 Be7 18. Bf4 Kf7 19. Ne2 Rxd1 $1 20. Rxd1 c4 21. c3 Bc5 22. Nd4 Qa4 23. Ra1 Rb8 24. Qd2 Bxd4+ 25. Qxd4 {[#] Qa7 is the strong threat.} Bd5 26. Qd2 Qb5 27. Rb1 Qa4 28. a3 Qb3 29. h3 Qa2 30. Qc1 Bc6 31. Kh2 Rb5 32. h4 Rd5 33. Ra1 Qb3 34. Bg3 Rd3 35. a4 Qb7 36. Qc2 Bxf3 37. gxf3 {[#] Black must now prevent Rf1.} f4 38. Be1 $1 Qxf3 {Threatens to win with ...Re3.} 39. Qg2 Qe3 40. Bf2 (40. Qg5 $11 {keeps the balance.}) 40... Qxe5 $17 41. Re1 Qf5 42. Bd4 $2 {[%mdl 8192]} (42. Qe4 $17) 42... Rg3 $19 {Black is clearly winning.} 43. Qxg3 fxg3+ 44. Kxg3 {[%mdl 4096] Endgame KQ-KRB} d6 45. Be3 e5 46. Bg5 Qc2 47. Rf1+ Ke6 48. Rf2 Qxa4 49. Rd2 Qa1 50. Re2 Qf1 51. Rf2 Qg1+ 52. Rg2 Qe1+ 53. Rf2 a5 {[%cal Ba6a5,Ba5a4][%mdl 32]} 54. Kg2 a4 55. Bd2 Qe4+ 56. Kg3 d5 57. Bg5 d4 58. cxd4 exd4 {Precision: White = 43%, Black = 80%.} 0-1

[Event "11th Tal Memorial Blitz 2018"]
[Site "Moscow"]
[Date "2018.03.05"]
[Round "1"]
[White "Fedoseev, Vladimir"]
[Black "Gelfand, Boris"]
[Result "0-1"]
[WhiteElo "2724"]
[BlackElo "2745"]
[Annotator "TA"]
[PlyCount "58"]
[EventDate "2018.??.??"]
[EventType "blitz"]
[EventCountry "RUS"]
[SourceTitle "playchess.com"]
[Source "ChessBase"]
[SourceQuality "1"]

{[%evp 14,58,0,-3,0,0,0,-9,0,-1,-4,-16,-13,-23,0,-19,0,-11,27,10,16,-23,-24,-21,-14,-15,-4,-3,0,-18,-24,-30,-21,-41,-42,-47,-26,-176,-207,-265,-266,-492,-478,-1541,-1486,-1502,-1429]} 1. d4 Nf6 2. c4 e6 3. Nf3 d5 4. g3 Bb4+ 5. Bd2 Be7 6. Bg2 O-O 7. O-O c6 8. a4 {LiveBook: 3 Games. E11: Bogo-Indian} a5 (8... b6 9. Na3 Bb7 10. b4 Ne4 11. Be1 a5 12. bxa5 bxa5 13. Ne5 Ba6 14. c5 f6 15. Nec4 Bxc4 16. Nxc4 {1-0 (34) Fedoseev,V (2718)-Kuzubov,Y (2699) Riadh 2017}) 9. Bc3 b6 $146 ({Find the theoretical novelty and annotate with similar games:} 9... Ne4 10. e3 Nd7 11. Nbd2 Nxc3 12. bxc3 b6 13. Re1 Ba6 14. Bf1 Qc7 15. Qb3 Rfc8 {0-1 (40) Yuferev,O-Konnov,O Ekaterinburg 1996}) 10. Nbd2 {The position is equal.} Na6 11. Ne5 Bb7 12. e4 Nb4 13. Re1 Rc8 14. h4 Ba8 15. b3 c5 16. exd5 exd5 17. Ndf3 Ne4 18. Bb2 f6 $36 {[%mdl 2048] Black is more active.} 19. Nd3 Nxd3 20. Qxd3 f5 21. Rad1 dxc4 22. bxc4 cxd4 $1 {aiming for ...Bb4.} 23. Nxd4 Bc5 24. Re2 Qd6 25. Qb3 {[#]} (25. Nb3 $11 {and White has nothing to worry.} Nxg3 26. Re5 Qxd3 27. Rxd3) 25... Rcd8 $1 $19 26. Rd3 {[#]} Qg6 $1 27. Nf3 $2 (27. Bf3) 27... Nxg3 {Black is clearly winning.} 28. Red2 {[#]} (28. Re1 $142 Rxd3 29. Qxd3) 28... Bxf3 $1 {[%mdl 512]} 29. Bxf3 (29. Rxf3 Rxd2) 29... Ne4+ {Precision: White = 35%, Black = 67%.} 0-1

[Event "11th Tal Memorial Blitz 2018"]
[Site "Moscow"]
[Date "2018.03.05"]
[Round "1"]
[White "Mamedyarov, Shakhriyar"]
[Black "Dubov, Daniil"]
[Result "0-1"]
[WhiteElo "2714"]
[BlackElo "2767"]
[Annotator "TA"]
[PlyCount "58"]
[EventDate "2018.??.??"]
[EventType "blitz"]
[EventCountry "RUS"]
[SourceTitle "playchess.com"]
[Source "ChessBase"]
[SourceQuality "1"]

{[%evp 16,58,22,18,18,25,28,20,20,0,0,0,16,4,31,24,33,0,0,0,0,0,0,0,39,34,59,0,8,0,0,-16,0,-245,0,0,0,-1093,-1070,-29989,-29990,-29993,-29994,-29994,-29995]} 1. d4 Nf6 2. c4 c5 3. e3 e6 4. Nc3 d5 5. Nf3 a6 6. cxd5 exd5 7. Be2 Nc6 8. O-O cxd4 9. exd4 {LiveBook: 4 Games. D32: Tarrasch Defence: Sidelines and lines without g3} Be7 10. Ne5 O-O 11. Nxc6 {White has an edge.} bxc6 12. Re1 Bd6 13. Bg5 Rb8 14. Qc2 Qb6 15. Bxf6 gxf6 16. Na4 Qxd4 17. Qxc6 Qe5 18. g3 Bb4 19. Nc3 Bb7 20. Qa4 Bc5 21. Bf3 (21. Bd3 $14 Qh5 22. Qf4) 21... Qf5 $132 {[%mdl 2048] Black is not keeping still} 22. Kg2 d4 23. Ne4 d3 24. b4 $2 (24. Qa5 $11 {and White stays safe.}) 24... Bxf2 $2 ({Black should try} 24... Bd4 $19 25. Rab1 Rbe8) 25. Kxf2 {[#] Re3 is the strong threat.} Rbc8 26. Rad1 $2 {[%mdl 8192]} (26. Qd1 $11 Rc2+ 27. Kg1) 26... Rc2+ $19 27. Ke3 Bxe4 $1 {Black mates.} 28. Bxe4 Qf2+ 29. Kxd3 Rd8+ {Precision: White = 32%, Black = 65%.} 0-1

[Event "11th Tal Memorial Blitz 2018"]
[Site "Moscow"]
[Date "2018.03.05"]
[Round "1"]
[White "Morozevich, Alexander"]
[Black "Nakamura, Hikaru"]
[Result "1/2-1/2"]
[WhiteElo "2665"]
[BlackElo "2842"]
[Annotator "TA"]
[PlyCount "68"]
[EventDate "2018.??.??"]
[EventType "blitz"]
[EventCountry "RUS"]
[SourceTitle "playchess.com"]
[Source "ChessBase"]
[SourceQuality "1"]

{[%evp 27,68,25,19,14,22,0,79,76,67,79,70,63,77,69,71,47,54,29,50,41,70,65,64,64,64,65,65,65,65,65,65,65,65,65,65,65,65,64,69,41,41,41,41]} 1. e4 e5 2. Nf3 Nc6 3. Nc3 Nf6 4. d4 exd4 5. Nxd4 Bb4 6. Nxc6 bxc6 7. Bd3 d5 8. exd5 cxd5 9. O-O O-O 10. h3 {C47: Scotch Four Knights and Four Knights with 4 g3} c6 11. Qf3 Bd6 12. Bf4 Rb8 13. b3 Rb4 14. Bxd6 Qxd6 {LiveBook: 33 Games} 15. Rfe1 Be6 16. Rad1 c5 {[#]} (16... Re8 $11 {remains equal.}) 17. Bc4 $1 $16 {[%cal Rc3d5]} d4 18. Bxe6 fxe6 19. Ne4 Nxe4 20. Qxe4 Rb6 {[#]} 21. c3 $1 {[%cal Rc3d4][%mdl 512]} Rf4 (21... dxc3 22. Rxd6) 22. Qe5 (22. Qd3 {with more complications.} Qd5 23. Rc1 Rb8 24. cxd4 cxd4 25. Qc4) 22... Qxe5 23. Rxe5 {White is slightly better.} c4 24. Rxd4 Rxd4 25. cxd4 cxb3 26. axb3 Rxb3 27. Rxe6 $14 {[%mdl 4096] Endgame KR-KR} Rb1+ 28. Kh2 Rd1 29. Ra6 (29. Re8+ {feels hotter.} Kf7 30. Ra8 Kg6 31. Rxa7 Rxd4 32. Ra6+) 29... Rxd4 30. Rxa7 Rd3 31. f3 {[%cal Bf2f3,Bf3f4][%mdl 32]} Rd2 32. Kg3 g6 33. f4 Rb2 34. Kf3 h5 {Precision: White = 59%, Black = 65%.} 1/2-1/2

[Event "11th Tal Memorial Blitz 2018"]
[Site "Moscow"]
[Date "2018.03.05"]
[Round "2"]
[White "Grischuk, Alexander"]
[Black "Nepomniachtchi, Ian"]
[Result "1/2-1/2"]
[WhiteElo "2846"]
[BlackElo "2768"]
[Annotator "TA"]
[PlyCount "196"]
[EventDate "2018.??.??"]
[EventType "blitz"]
[EventCountry "RUS"]
[SourceTitle "playchess.com"]
[Source "ChessBase"]
[SourceQuality "1"]

{[%evp 21,196,21,42,30,43,40,83,68,63,63,42,0,66,29,32,4,46,40,55,41,52,43,50,34,44,49,117,68,102,106,127,116,145,144,141,93,159,174,216,232,204,133,233,196,243,229,247,155,166,118,138,147,149,152,285,92,154,62,69,47,138,146,158,170,341,324,336,329,274,293,302,0,0,0,0,0,0,0,0,0,62,62,62,62,62,62,62,0,9,0,62,62,62,0,62,62,62,62,62,62,62,62,62,62,62,11,62,0,62,0,62,62,62,62,62,62,62,62,62,62,62,62,62,62,62,62,62,62,62,62,62,0,62,62,69,28,35,35,61,46,61,61,69,0,0,0,0,0,0,0,0,0,0,0,0,0,0,0,0,0,0,0,0,0,0,0,0,0,0,0,0,0,0,0,0,0,0]} 1. e4 c5 2. Nc3 a6 3. Nge2 d6 4. g3 Nf6 5. Bg2 g6 6. d4 cxd4 7. Nxd4 Bg7 8. h3 O-O 9. O-O Bd7 10. Be3 Nc6 11. Nde2 Rc8 {LiveBook: 10 Games} 12. b3 {B70: Sicilian Dragon: 6 g3 and 6 Be2 (without a later Be3)} (12. Nd5 b5 13. Qd2 Nxd5 14. exd5 Na5 15. b3 Nb7 16. Bd4 Qc7 17. Rac1 Rfe8 18. Rfe1 Nc5 19. h4 e5 {½-½ (43) Fressinet,L (2650)-Bacrot,E (2715) Agen 2017}) 12... b5 13. Nd5 $146 ({Predecessor:} 13. a3 b4 14. Nd5 a5 15. Nb6 Rb8 16. Nxd7 Nxd7 17. e5 Qc7 18. exd6 exd6 19. Ra2 Rfc8 {1-0 (31) Hambleton,A (2471)-Kelly,J (2039) Madison 2017}) 13... Be6 14. Qd2 {White is better.} Ne5 15. f4 Ned7 16. Nd4 Nc5 (16... Bxd5 $11 17. exd5 Nc5) 17. Nxe6 Nxe6 18. Rac1 Nc5 19. Nxf6+ Bxf6 20. c4 $36 {[%mdl 2048] White has good play.} b4 21. Rcd1 {aiming for e5.} Bc3 22. Qc2 Qc7 23. h4 h5 (23... Kh8 $14) 24. Kh2 Nd7 25. Bh3 $1 Rcd8 26. Bxd7 Rxd7 27. f5 Be5 28. Bf4 Bg7 (28... Bxf4 $142 29. gxf4 (29. Rxf4 Rdd8 $16) 29... Qd8) 29. Qd2 $16 Qb7 {[#]} 30. e5 $1 {[%mdl 512]} Qe4 (30... dxe5 31. Qxd7) 31. fxg6 (31. exd6 exd6 32. fxg6 (32. Qxb4 Qxf5 33. Bxd6 Qe4 $16) 32... fxg6) 31... Qxg6 (31... fxg6 $16 {was worth a try.} 32. Rfe1 (32. Qxb4 dxe5 33. Rxd7 exf4 $17) (32. exd6 exd6 33. Rfe1 Qf5 $16) 32... Qf5) 32. exd6 $18 exd6 33. Qxb4 Re8 34. Qd2 Rde7 35. Rde1 Rxe1 36. Rxe1 Rxe1 37. Qxe1 Qc2+ {[#]} (37... Bf8 $16 {was called for.} 38. Qe2 a5) 38. Kh3 $2 (38. Qd2 $1 $18 {[%cal Rd2c2] is the precise move to win.} Qxd2+ 39. Bxd2) 38... Be5 (38... Qf5+ $142 39. Kh2 d5) 39. Qd2 (39. Bxe5 $16 Qf5+ 40. Kg2 dxe5 41. Qe2) 39... Qb1 40. Bxe5 {Threatening mate with Qg5+.} dxe5 $14 {[%mdl 4096] Endgame KQ-KQ} (40... Qh1+ $1 $14 41. Qh2 Qe4) 41. Kh2 $16 e4 42. Kg2 e3 $2 (42... Kf8 43. Kf2 Ke8) 43. Qxe3 $18 Qxa2+ 44. Kf3 Qc2 45. Kf4 a5 {[#]} 46. Ke5 $2 (46. c5 $1 $18) 46... a4 $1 $11 {[%cal Ra4b3]} 47. bxa4 {Black must now prevent c5.} Qxc4 48. Qg5+ Kf8 49. Qd8+ Kg7 50. Qd4 Qc7+ (50... f6+ $11 51. Ke4 Qe6+ 52. Kf3 Qb3+ 53. Ke2 Qc2+ 54. Kf1 Qb1+ 55. Ke2 Qc2+ 56. Kf3 Qb3+ 57. Kf2 Qa2+ 58. Kf3 Qb3+) 51. Ke4+ $1 $14 Kg8 52. Kf3 Qc6+ 53. Qe4 Qc3+ 54. Kf4 (54. Kg2 $14) 54... Qc7+ 55. Kf3 (55. Kg5 $11 Qxg3+ 56. Kxh5) 55... Qc3+ 56. Kf2 Qd2+ 57. Kf3 Qc3+ 58. Kg2 Qb2+ 59. Kh3 Qa1 60. Kh2 Qa2+ 61. Kg1 $1 Qa1+ 62. Kf2 $1 Qb2+ 63. Ke3 (63. Qe2 $1 $14 Qf6+ 64. Kg2) 63... Qc3+ ({Black should play} 63... Qa3+ $1 $11 64. Kf4 Kf8) 64. Kf4 ({Better is} 64. Qd3 $1 $14 Qe1+ 65. Kf3) 64... Qc7+ (64... Qd2+ $11 65. Kf3 Qd1+ 66. Kf2 Kg7) 65. Kf3 (65. Kg5 $5 {[%cal Rg5h5]} Qxg3+ 66. Kxh5 $16) 65... Qc3+ 66. Qe3 $1 {[%cal Re3c3]} Qc6+ 67. Kf2 Qc2+ 68. Qe2 Qxa4 69. Qxh5 Qd4+ 70. Kg2 Qd2+ 71. Kh3 Qe1 72. Qd5 (72. Qg5+ {keeps more tension.} Kf8 73. Qd8+ Kg7 74. Qd4+ Kg8 75. Qg4+) 72... Qf1+ 73. Qg2 Qf5+ 74. Kh2 $1 Qg4 75. Qd2 Qf3 76. Qf4 (76. Qg5+ $14 Kh7 77. Kh3) 76... Qe2+ (76... Qxf4 $1 $11 77. gxf4 Kg7) 77. Kh3 Qc2 78. h5 Qd3 79. Kh4 {Hoping for Qb8+.} Qb1 80. Kg5 {Strongly threatening Qe3.} Qb5+ 81. Qf5 Qc4 82. h6 (82. Qg4 $14 Qc3 83. Kh4+ Kh7 84. Qf4) 82... Qc1+ {The position is equal.} 83. Qf4 Qc5+ 84. Kh4 {Threatens to win with Qg4+.} Kh7 85. Qxf7+ Kxh6 86. Qe6+ Kg7 87. Qg4+ Kh6 88. Qf4+ Kg6 {[%csl Gg6][%cal Rc5h5]} 89. Qe4+ Kh6 {[%csl Gh6][%cal Rc5h5]} 90. Qe6+ (90. Kh3 {feels hotter.} Kg7 91. Kg2 Qd6 92. Qg4+ Kh6 93. Qf3) 90... Kg7 91. Kg4 Qd4+ 92. Kh3 Qd3 93. Qe5+ Kg6 94. Qf4 Kg7 95. Kg4 Qe2+ 96. Kf5 {Qg5+ is the strong threat.} Qd3+ 97. Kg5 Qg6+ 98. Kh4 Qh6+ {Precision: White = 56%, Black = 56%.} 1/2-1/2

[Event "11th Tal Memorial Blitz 2018"]
[Site "Moscow"]
[Date "2018.03.05"]
[Round "2"]
[White "Nakamura, Hikaru"]
[Black "Dubov, Daniil"]
[Result "1/2-1/2"]
[WhiteElo "2842"]
[BlackElo "2767"]
[Annotator "TA"]
[PlyCount "53"]
[EventDate "2018.??.??"]
[EventType "blitz"]
[EventCountry "RUS"]
[SourceTitle "playchess.com"]
[Source "ChessBase"]
[SourceQuality "1"]

{[%evp 13,53,21,25,16,18,21,18,25,35,0,44,0,29,24,49,22,25,-131,-135,-185,-190,-172,-31,-47,-43,-35,0,0,0,-41,0,0,4,-6,-9,-5,-14,-15,-6,-19,0,0]} 1. d4 Nf6 2. c4 c5 3. d5 b5 4. cxb5 a6 5. bxa6 e6 6. Nc3 {A58: Benko/Volga Gambit: Lines with 5 bxa6} exd5 7. Nxd5 Be7 {LiveBook: 3 Games} 8. e3 {White has an edge.} O-O $146 ({Predecessor:} 8... Nxd5 9. Qxd5 Nc6 10. Nf3 Rxa6 11. Bc4 O-O 12. O-O Rb6 13. e4 Na5 {0-1 (61) Zart,R (2198)-Feuerstack,A (2452) Germany 2014}) 9. Ne2 Nxd5 10. Qxd5 Rxa6 11. Nc3 (11. Nf4 $5 {[%cal Rf1a6]}) 11... Rd6 12. Qf3 (12. Qb3 $5 {[%cal Rb3b8]} Nc6 13. Be2 $14) 12... Nc6 13. Be2 Bb7 14. O-O Qa8 {[#] ...Ne5 is the strong threat.} 15. e4 $2 (15. Qf5 $11) 15... Nd4 $17 16. Qh5 Bxe4 17. Nxe4 {[#]} Qxe4 (17... g6 $1 $19 {[%cal Rg6h5]} 18. Qf3 (18. Qg4 $2 h5 $19) 18... Nxf3+ 19. Bxf3 Rc6) 18. Bd1 $1 $15 Rg6 {[%csl Gg6][%cal Re4g2]} 19. Qh3 Ne2+ 20. Bxe2 $1 Qxe2 21. a4 Bf6 22. Be3 {The position is equal.} c4 $132 {[%cal Bc5c4,Bc4c3][%mdl 2080] Black has counterplay} 23. Qf5 Bxb2 24. Rad1 $1 {[%cal Rd1d2] And now Rd2 would win.} c3 {Black wants to play ...d6.} 25. Rxd7 Qc4 {White must now prevent ...c2.} 26. Qb5 Rxg2+ 27. Kxg2 {Precision: White = 34%, Black = 44%.} 1/2-1/2